| 000 | 00627nam a22002297a 4500 | ||
|---|---|---|---|
| 001 | 14411 | ||
| 003 | BD-JhCC | ||
| 005 | 20251026124750.0 | ||
| 008 | 251026b |||||||| |||| 00| 0 eng d | ||
| 020 | _a9780141980263 | ||
| 035 | _a(BD-JhCC) 14411 | ||
| 040 |
_aBD-JhCC _dBD-JhCC |
||
| 041 | _aeng | ||
| 082 |
_223 _a891.5511 _bHAF |
||
| 100 | _aHafez | ||
| 245 |
_aThe nightingales are drunk / _cHafez |
||
| 260 |
_a London: _bPenguin Books, _c2015 |
||
| 300 |
_a48 p.; _c16 cm. _ePaper binding |
||
| 490 |
_aPenguin little black classics _v27 |
||
| 650 | _aactive 14th century Translations into English | ||
| 942 |
_2ddc _cBK |
||
| 999 |
_c14411 _d14411 |
||